MARC details
| 000 -CABECERA |
| campo de control de longitud fija |
01242nam a2200277 a 4500 |
| 001 - NÚMERO DE CONTROL |
| campo de control |
000016670 |
| 003 - IDENTIFICADOR DEL NÚMERO DE CONTROL |
| campo de control |
DO-SdBNP |
| 005 - FECHA Y HORA DE LA ÚLTIMA TRANSACCIÓN |
| campo de control |
20240710114449.0 |
| 007 - CAMPO FIJO DE DESCRIPCIÓN FÍSICA--INFORMACIÓN GENERAL |
| campo de control de longitud fija |
ta |
| 008 - DATOS DE LONGITUD FIJA--INFORMACIÓN GENERAL |
| campo de control de longitud fija |
100309s2004 dr r 000 jdspa d |
| 020 ## - NÚMERO INTERNACIONAL ESTÁNDAR DEL LIBRO |
| Número Internacional Estándar del Libro |
9993479160 |
| 040 ## - FUENTE DE LA CATALOGACIÓN |
| Centro catalogador/agencia de origen |
DO-SdBNP |
| Lengua de catalogación |
spa |
| Centro/agencia transcriptor |
BNPHU |
| 041 ## - CÓDIGO DE LENGUA |
| Código de lengua original |
spa |
| 082 #4 - NÚMERO DE LA CLASIFICACIÓN DECIMAL DEWEY |
| Número de clasificación |
RD863.44 |
| Número de documento/Ítem |
M516e |
| Número de edición |
22 |
| 100 ## - ENTRADA PRINCIPAL--NOMBRE DE PERSONA |
| Nombre de persona |
Mejía, Amable, |
| 9 (RLIN) |
6577 |
| Fechas asociadas al nombre |
1959- |
| 245 10 - MENCIÓN DE TÍTULO |
| Título |
Entre familia / |
| Mención de responsabilidad, etc. |
Amable Mejía ; editor : Gerardo Castillo Javier. |
| 260 ## - PUBLICACIÓN, DISTRIBUCIÓN, ETC. |
| Lugar de publicación, distribución, etc. |
Santo Domingo : |
| Nombre del editor, distribuidor, etc. |
Perla, |
| Fecha de publicación, distribución, etc. |
2004. |
| 300 ## - DESCRIPCIÓN FÍSICA |
| Extensión |
77 p. ; |
| Dimensiones |
21 cm. |
| 505 00 - NOTA DE CONTENIDO CON FORMATO |
| Título |
Palabras justificatoria.-- |
| -- |
Una visita desde la sombra.-- |
| -- |
Para cuando regreses.-- |
| -- |
Armadas blancas.-- |
| -- |
El pozo.-- |
| -- |
A veces me miran y se sonríen.-- |
| -- |
Hoja suelta de una memoria insólita.-- |
| -- |
Personaje de novela.-- |
| -- |
El hombre de al cruzar la calle principal.-- |
| -- |
Comprensiva mamá.-- |
| -- |
La vía blanca.-- |
| -- |
Cotidianidad.-- |
| -- |
Fragmento de una historia de amor.-- |
| -- |
Detalles.-- |
| -- |
El cuarto oscuro.-- |
| -- |
Navidad de 1989.-- |
| -- |
Nueva York.-- |
| -- |
Entre familia. |
| 590 ## - NOTA LOCAL (RLIN) |
| Nota local |
Inventariado, 2020/BT |
| 650 #0 - PUNTO DE ACCESO ADICIONAL DE MATERIA--TÉRMINO DE MATERIA |
| Término de materia o nombre geográfico como elemento de entrada |
Cuentos dominicanos |
| 9 (RLIN) |
176 |
| 650 #0 - PUNTO DE ACCESO ADICIONAL DE MATERIA--TÉRMINO DE MATERIA |
| Término de materia o nombre geográfico como elemento de entrada |
Literatura dominicana. |
| 9 (RLIN) |
67 |
| 700 1# - PUNTO DE ACCESO ADICIONAL--NOMBRE DE PERSONA |
| Nombre de persona |
Castillo Javier, Gerardo, |
| Fechas asociadas al nombre |
1963- |
| Término indicativo de función/relación |
ed. |
| 9 (RLIN) |
1677 |
| 910 ## - DATOS DE OPCIÓN DEL USUARIO (OCLC) |
| Datos de opción del usuario |
Validado. Control de calidad. MMOLINA |
| 942 ## - ELEMENTOS DE PUNTO DE ACCESO ADICIONAL (KOHA) |
| Fuente del sistema de clasificación o colocación |
Dewey Decimal Classification |
| Tipo de ítem Koha |
Libro |